000 00750nam a2200193 a 4500
005 20250529063816.0
008 991125s1971 mx 000 0 spa u
035 _aUPN01000022877
049 _aCG
050 4 _aLB1131
_bL5.4
100 1 _aLima Gutiérrez, Margarita
245 1 0 _aEstudio sobre el valor, pronóstico de una prueba de aptitudes verbal y razonamiento aritmético para la selección de alumnos de la escuela secundaria /
_cMargarita Lima Gutiérrez.
260 _aMéxico :
_bM. Lima Gutiérrez,
_c1971.
300 _a93 h.
502 _a[Tesis] (Profr. en Psicología Educativa) -- Escuela Normal Superior, 1971
650 4 _aPruebas de aptitud
_91418
650 4 _aMediciones y pruebas educativas
_zMéxico
_96442
905 _aTesis
999 _c22877
_d22877